NASCAR Driver By Car - Statistics

General Stats
  • This quiz has been taken 50 times
  • The average score is 12 of 16
Answer Stats
Picture Answer % Correct
Denny Hamlin
97%
Jeff Gordon
95%
Jimmie Johnson
95%
Brad Keselowski
84%
Aric Almirola
82%
Kyle Larson
82%
Martin Truex Jr.
82%
Michael McDowell
79%
Rusty Wallace
79%
Tyler Reddick
76%
Erik Jones
74%
Carl Edwards
68%
Noah Gragson
68%
Ross Chastain
61%
Corey LaJoie
53%
Zane Smith
45%
No matching quizzes found
Score Distribution
Percent of People with Each Score
Percentile by Number Answered
Your Score History
You have not taken this quiz